| 000 | 00876 a2200241 4500 | ||
|---|---|---|---|
| 003 | Nust | ||
| 005 | 20221007182853.0 | ||
| 010 | _a 2004051919 | ||
| 020 | _a0849319854 (alk. paper) | ||
| 035 | _a(OCoLC)ocm55616710 | ||
| 040 | _cNust | ||
| 082 | 0 | 0 | _a670.427,THE |
| 245 | 0 | 4 |
_aThe industrial information technology handbook / _cedited by Richard Zurawski. |
| 260 |
_aBoca Raton : _bCRC Press, _cc2005. |
||
| 300 |
_a1 v. (various pagings) : _bill. ; _c27 cm. |
||
| 440 | 0 |
_aIndustrial electronics series _999536 |
|
| 505 | _aPART-1: Fundamentals of Information Technology (Page-1-1), PART-2: Industrial Information Technology (Page-37-1). | ||
| 650 | 0 | _aAutomation | |
| 650 | 0 | _aInformation technology | |
| 700 | 1 |
_aZurawski, Richard. _999537 |
|
| 856 | 4 | 2 |
_3Publisher description _uhttp://www.loc.gov/catdir/enhancements/fy0646/2004051919-d.html |
| 942 |
_cREF _2ddc |
||
| 999 |
_c176047 _d176047 |
||